Normal view
MARC view
Entry Topical Term
001 - CONTROL NUMBER
- control field: 75127
003 - CONTROL NUMBER IDENTIFIER
- control field: dpl
005 - DATE AND TIME OF LATEST TRANSACTION
- control field: 20241213112854.0
008 - FIXED-LENGTH DATA ELEMENTS
- fixed length control field: 241213|| aca||aabn | a|a d
040 ## - CATALOGING SOURCE
- Original cataloging agency: dpl
- Transcribing agency: dpl
150 ## - HEADING--TOPICAL TERM
- Topical term or geographic name as entry element: Vegetarian cookery
670 ## - SOURCE DATA FOUND
- Source citation: Work cat.: (dpl)207669: Caravella, Miriam 75126, Stories From the Heart/, 2024
